00478nam a22001692 4500001001100000005001700011008004100028020001700069040001500086050002200101100003100123245003000154250001200184260005200196300001600248650004400264000000262720151217151900.0070417s xx 000 0 eng d a0130225649 : aKABUcKABU 0aPE1431b.W66 20011 aWood, Nancy V.@000015206710aPerspectives on argument. a3rd ed. aUpper Saddle River, NJ :bPrentice Hall,c2001. axxi, 681 p. 0aEnglish languagexRhetoric.@0000152050